00984nab a2200277uuc4500001000800000005001700008008004100025035001200066035002100078040001300099041000800112100004000120245014000160260001000300650002500310650002300335650002600358650003100384650001200415700003500427700003500462700003800497700003900535700003700574773009500611105826820240202083211.0071123s2007 spa  a1058268 a(OCoLC)820279268 ccomduadb aspa10aTorres Tabanera, Mercedes4auteaut10aAnalisis de los resultados clinicos y la carga asistencial del screening oportunista en una unidad de diagnostico por imagen de la mama c2007. aDetección temprana aCostos de la salud aNeoplasias de la mama 7aAnálisis de costos2lemb aCribado10aSanchez Gomez, Sonia4auteaut10aBaroja Mazo, Araceli4auteaut10aSainz Miranda, Mercedes4auteaut10aMartinez Miravete, Paula4auteaut10aLag Asturiano, Encarna4auteaut0 tTodo Hospital (Barcelona)gVol. 26, No. 235, Abr. 2007, 175-184w365410z0212197210112308